| 000 | 00589nam a22001817a 4500 | ||
|---|---|---|---|
| 999 |
_c14123 _d14123 |
||
| 003 | AR-CdUCM | ||
| 008 | 190422b ||||| |||| 00| 0 spa d | ||
| 020 | _a978-9974-710-34-4 | ||
| 040 |
_aMUNICIPALIDAD PROVINCIAL DEL CUSCO _cBIBLIOTECA MUNICIPAL DEL CUSCO |
||
| 082 |
_aPI / 376.1 / _bL28 |
||
| 110 |
_aLatinbooks international _932792 |
||
| 245 | _aCaricias un paseo por el zoo / | ||
| 260 |
_aUruguay : _bLatinbooks international, _c2016. |
||
| 300 |
_a8 páginas ; _bIlustraciones, _c17 cm. |
||
| 650 |
_aCuentos infantiles _93927 |
||
| 942 |
_2ddc _cLIBROS |
||
| 945 |
_aacv _d2019-04-22 |
||